| 000 | 01798nam a2200481 c 4500 | ||
|---|---|---|---|
| 001 | 53376 | ||
| 003 | ES-MaCES | ||
| 005 | 20251115040006.0 | ||
| 008 | 241022s2024 sp l ||| | spa d | ||
| 017 |
_aM 16853-2024 _bDL |
||
| 020 | _a9788419896711 | ||
| 040 |
_aES-MaCES _bspa _cES-MaCES |
||
| 245 | 0 | 0 |
_aMemento práctico Francis Lefebvre, Derecho digital 2024-2025 _b: impacto de la tecnología en los ámbitos civil, penal, administrativo y social : incluye los Reglamentos UE de inteligencia artificial y mercados digitales |
| 260 |
_aMadrid _bFrancis Lefebvre _c2024 |
||
| 300 |
_a1145 p. _c24 cm |
||
| 500 | _aÍndices | ||
| 500 | _aAnteriormente bajo el tít: Memento Derecho de las Nuevas Tecnologías | ||
| 541 | _cCompra | ||
| 650 | 4 |
_anuevas tecnologías _930788 |
|
| 650 | 4 |
_atecnología de la información _930104 |
|
| 650 | 4 |
_ainteligencia artificial _930166 |
|
| 650 | 4 |
_arobot industrial _929509 |
|
| 650 | 4 |
_aeconomía colaborativa _937923 |
|
| 650 | 4 |
_acomercio electrónico _931575 |
|
| 650 | 4 |
_aadministración pública _927214 |
|
| 650 | 4 |
_aprotección de los datos _929496 |
|
| 650 | 4 |
_avida privada _929238 |
|
| 650 | 4 |
_aprotección del consumidor _929407 |
|
| 650 | 4 |
_aderecho civil _927156 |
|
| 650 | 4 |
_aderecho penal _927159 |
|
| 650 | 4 |
_aderecho administrativo _927155 |
|
| 650 | 4 |
_aderecho del trabajo _927165 |
|
| 650 | 4 |
_aderecho comunitario _929866 |
|
| 650 | 4 |
_aReglamento de la CE _929874 |
|
| 650 | 4 |
_aEspaña _926964 |
|
| 650 | 4 |
_a2024-2025 _941117 |
|
| 650 | 4 |
_arégimen jurídico _929894 |
|
| 653 | 1 | 0 | _aDerecho |
| 710 | 2 |
_92636 _aEdiciones Francis Lefebvre _eed. |
|
| 787 | 0 |
_tMemento práctico Francis Lefebvre, Derecho de las nuevas tecnologías 2020-2021 _w(ES-MaCES)51918 |
|
| 902 | _aLIB Libro | ||
| 942 |
_2CES _cBK _h6.0. |
||
| 999 |
_c53376 _d53376 |
||